Anagrammes aléatoire villes des USA. - Statistiques

Statistiques générales
  • Ce quiz a été pris 801 fois
  • Le résultat moyen est 10 sur 15
Statistiques - réponses
Ville % Correct
Bosotn Boston
97%
Miiam Miami
96%
Nniawohstg CD Washington DC
95%
Asakns Ciyt Kansas City
92%
Aaatntl Atlanta
91%
Lso Glseaen Los Angeles
91%
Wen Oykr New York
88%
Dlpheeliihap Philadelphie
87%
Ladals Dallas
84%
Oroaldn Orlando
82%
Peinoxh Phoenix
80%
Nas Noaicrcfs San Francisco
74%
Nas Eogdi San Diego
72%
Ts Sioul St Louis
72%
Astl Alek Ytci Salt Lake City
68%
Ouoshnt Houston
65%
Vernde Denver
60%
Le Opas El Paso
59%
Lsnnaiodpaii Indianapolis
57%
Tatesle Seattle
54%
Aapmt Tampa
54%
Nipaeinmlos Minneapolis
52%
Nroatldp Portland
39%
Iintnicanc Cincinnati
37%
Todeirt Detroit
36%
Bsuthtrigp Pittsburgh
30%
Eoltctrah Charlotte
23%
Osatemrnac Sacramento
18%
Dnellcvare Cleveland
9%
Aucun quiz correspondant
Distribution des résultats
% des personnes avec chaque résultat
Percentile par nombre de réponses
Votre historique - résultats
Vous n’avez pas pris ce quiz